000 00311nam a2200133Ia 4500
005 20251222155116.0
008 251222s9999||||xx |||||||||||||| ||spa||
082 _aMEQ.119
100 _aCONTRERAS SANTOS.
245 0 _aFisiopatología
250 _a1ra. ed.
264 _bMc Graw Hill-Interam.
942 _cLIB
999 _c38246
_d38246